Detalles MARC
| 000 -LIDER |
| fixed length control field |
01555nam a2200349 a 4500 |
| 001 - NÚMERO DE CONTROL |
| Identificador de número de control |
|
| 003 - IDENTIFICACDOR DE NÚMERO DE CONTROL |
| control field |
DO-SdBNP |
| 005 - DATE AND TIME OF LATEST TRANSACTION |
| control field |
20220301085707.0 |
| 007 - CAMPOS FIJOS DE DESCRIPCIÓN FÍSICA |
| fixed length control field |
000039263 |
| 008 - ELEMENTOS DE LONGITUD FIJA |
| fixed length control field |
081212s2017 dr a 000 0 spa d |
| 020 ## - ISBN |
| Canceled/invalid ISBN |
9789945005370 |
| 040 ## - FUENTE DE CATALOGACIÓN |
| Agencia que crea de manera original el registro |
BPMSU |
| Idioma de catalogación |
spa |
| -- |
|
| Agencia que realiza la transcripción |
BPMSU |
| 082 ## - NÚMERO DE CLASIFICACIÓN DECIMAL DE DEWEY |
| Classification number |
461 |
| Item number |
G216o 2017 |
| Edition number |
22 |
| 100 1# - ASIENTO PRINCIPAL -- NOMBRE PERSONAL |
| Nombre personal |
García Molina, Bartolo |
| 245 10 - MENCIÓN DE TITULO |
| Título |
Ortografía inferencial y operativa / |
| Mención de responsabilidad |
Bartolo García Molina ; prólogo Mírian Gutiérrez Pérez ;. |
| 250 ## - MENCIÓN DE EDICION |
| Mención de edición |
9a ed. |
| 260 ## - PUBLICACIÓN, DISTRIBUCIÓN, ETC. (PIE DE IMPRENTA) |
| Lugar de publicación, distribución, etc |
Santo Domingo : |
| Nombre del editor, distribuidor, etc. |
Surco, |
| Fecha de publicación, distribución, etc |
2017 |
| 300 ## - DESCRIPCIÓN FÍSICA |
| Extensión |
287p. ; |
| Dimensiones |
23 cm. |
| 500 ## - NOTA GENERAL |
| Nota general |
Incluye datos biográficos del autor en la solapa de la cubierta |
| 504 ## - NOTA DE BIBLIOGRAFÍA, ETC. |
| Bibliography, etc |
Bibliografía : p. 265-267 |
| 505 0# - NOTA DE CONTENIDO |
| Título |
Prólogo -- |
| -- |
Introducción -- |
| -- |
Orígines de la faltas ortográficas -- |
| -- |
La acentuación -- |
| -- |
Uso de las mayúsculas -- |
| -- |
Inferencias sobre B-V -- |
| -- |
Inferencias sobre G -- |
| -- |
Inferencias sobre S-C-Z -- |
| -- |
Inferencias sobre LL-Y -- |
| -- |
Inferencias sobre la H -- |
| -- |
Inferencias sobre la X -- |
| -- |
Los nombre propios -- |
| -- |
Ortografía sintagmática (la concordancia) -- |
| -- |
Los verbos irregulares -- |
| -- |
Ortografía sintagmática (los signos de puntuación) -- |
| -- |
Temas teóricos prácticos de ortografía -- |
| -- |
Autoevaluación general -- |
| -- |
Bibliografía-- |
| 590 ## - NOTA LOCAL |
| Enlace |
Inventariado, 2022/VM |
| 650 #4 - ENCABEZAMIENTO DE MATERIA--TEMÁTICO |
| Término temático o nombre geográfico como elemento de entrada |
Español |
| Subdivisión temática general |
Ortografía |
| -- |
Enseñanza |
| 700 1# - ASIENTO SECUNDARIO -- NOMBRE PERSONAL |
| Nombre personal |
Gutiérrez Pérez, Mírian, |
| Mención de responsabilidad |
prólogo |
| 910 ## - VALIDACIÓN |
| Validación |
VMateo V. |
| 930 #1 - EQUIVALENCE OR CROSS-REFERENCE-UNIFORM TITLE HEADING [LOCAL, CANADA] |
| Language of a work |
|
| Medium of performance for music |
|
| Field link and sequence number |
|
| Date of a work |
|
| Name of part/section of a work |
|
| Miscellaneous information |
|
| 942 ## - ADDED ENTRY ELEMENTS (KOHA) |
| Source of classification or shelving scheme |
Dewey Decimal Classification |
| Koha item type |
Libros |
| 945 ## - INFORMACIÓN DE PROCESAMIENTO LOCAL |
| Información de procesamiento local |
|
| 956 ## - LOCAL ELECTRONIC LOCATION AND ACCESS (OCLC) |
| Nombre de host |
|
| Número de acceso |
|
| Información de compresión |
|
| Inicio de sesión |
|
| Procesador de solicitud |
|
| 956 ## - LOCAL ELECTRONIC LOCATION AND ACCESS (OCLC) |
| Nombre de host |
|
| Número de acceso |
|
| Información de compresión |
|
| Inicio de sesión |
|
| Procesador de solicitud |
|
| 956 ## - LOCAL ELECTRONIC LOCATION AND ACCESS (OCLC) |
| Nombre de host |
|
| Número de acceso |
|
| Información de compresión |
|
| Inicio de sesión |
|
| Procesador de solicitud |
|